Loading...
| Science - Physics | 0 | 5 | 1 | 0 | 45 | 13 | 36.00 | 2 | 4 | 0.00 | 0.00 |
| Science - Other | 0 | 5 | 2 | 0 | 40 | 12 | 46.40 | 2 | 3 | 0.00 | 0.00 |
| Fine Arts - Classical Music | 0 | 4 | 0 | 0 | 40 | 49 | 73.25 | 0 | 1 | 0.00 | 0.00 |
| Painting/Sculpture | 0 | 4 | 1 | 0 | 35 | 38 | 50.75 | 1 | 3 | 0.00 | 0.00 |
| Philosophy | 0 | 4 | 2 | 0 | 30 | 19 | 42.25 | 2 | 4 | 0.00 | 0.00 |
| Mythology | 0 | 3 | 1 | 1 | 25 | 31 | 65.67 | 1 | 1 | 0.00 | 0.00 |
| Science - Chemistry | 0 | 2 | 0 | 0 | 20 | 45 | 47.50 | 0 | 1 | 0.00 | 0.00 |
| Social Science | 0 | 2 | 0 | 0 | 20 | 14 | 25.00 | 1 | 2 | 0.00 | 0.00 |
| Religion | 0 | 1 | 0 | 0 | 10 | 27 | 27.00 | 0 | 1 | 0.00 | 0.00 |
| History - World | 0 | 1 | 0 | 0 | 10 | 30 | 30.00 | 0 | 1 | 0.00 | 0.00 |
| Fine Arts - Other | 0 | 1 | 1 | 0 | 5 | 85 | 85.00 | 0 | 1 | 0.00 | 0.00 |